EL COMUNISMO Y LA CONCIENCIA OCCIDENTAL (Registro nro. 37013)
[ vista simple ]
| 000 -LEADER | |
|---|---|
| fixed length control field | 00453nam a2200169 a 4500 |
| 001 - CONTROL NUMBER | |
| control field | 37013 |
| 005 - DATE AND TIME OF LATEST TRANSACTION | |
| control field | 20180714005811.0 |
| 008 - FIXED-LENGTH DATA ELEMENTS--GENERAL INFORMATION | |
| fixed length control field | 140415s1962 000 0 spa d |
| 041 ## - LANGUAGE CODE | |
| Language code of text/sound track or separate title | spa |
| 082 ## - DEWEY DECIMAL CLASSIFICATION NUMBER | |
| Classification number | 261.7 |
| Item number | SHE |
| 100 1# - MAIN ENTRY--PERSONAL NAME | |
| Personal name | SHEEN, FULTON J. |
| 245 13 - TITLE STATEMENT | |
| Title | EL COMUNISMO Y LA CONCIENCIA OCCIDENTAL |
| 260 ## - PUBLICATION, DISTRIBUTION, ETC. | |
| Place of publication, distribution, etc. | [s.l.] : |
| Name of publisher, distributor, etc. | EDICIONES OCCIDENTE, |
| Date of publication, distribution, etc. | 1962 |
| 300 ## - PHYSICAL DESCRIPTION | |
| Extent | 240 |
| 650 14 - SUBJECT ADDED ENTRY--TOPICAL TERM | |
| Topical term or geographic name entry element | COMUNISMO |
| General subdivision | RELIGION |
| 700 1# - ADDED ENTRY--PERSONAL NAME | |
| Personal name | EDESGA, S. |
| Relator term | tr. |
| Withdrawn status | Lost status | Source of classification or shelving scheme | Damaged status | Not for loan | Collection code | Home library | Current library | Shelving location | Date acquired | Source of acquisition | Inventory number | Total Checkouts | Full call number | Barcode | Date last seen | Price effective from | Koha item type |
|---|---|---|---|---|---|---|---|---|---|---|---|---|---|---|---|---|---|
| Dewey Decimal Classification | General | Biblioteca Karol Wojtyla | Biblioteca Karol Wojtyla | Sala general | 03/12/2013 | Compra | 151000000000000000056291 | 261.7 SHE | 55686 | 05/01/2026 | 03/12/2013 | Libro |